000 00649cam a22002413a 4500
001 30932
003 PGUSA
005 20140828083653.0
008 100111s2010||||xxu|||||s|||||000 1 eng d
040 _aPGUSA
_beng
042 _adc
050 4 _aPS
100 1 _aJarvis, E. K.
245 1 0 _aBefore Egypt
_h[electronic resource] /
_cE. K. Jarvis
260 _bProject Gutenberg,
_c2010
506 _aPublic domain in the USA.
516 _aElectronic text
653 _aInterplanetary voyages -- Fiction
653 _aScience fiction
830 0 _aProject Gutenberg
_v30932
856 4 0 _uhttp://www.gutenberg.org/ebooks/30932
942 _cEB
999 _c260187
_d260187